Music and Communication/ (Record no. 214838)

MARC details
000 -LEADER
fixed length control field 00726nam a22002177a 4500
005 - DATE AND TIME OF LATEST TRANSACTION
control field 20260212125122.0
010 ## - LCCN (DPL NO)
LC control number ENG-147819
020 ## - INTERNATIONAL STANDARD BOOK NUMBER
International Standard Book Number 9789391766924
Terms of availability 695.00
035 ## - SYSTEM CONTROL NUMBER
System control number EN-131351
037 ## - SOURCE OF ACQUISITION
Source of stock number/acquisition DBAD
082 ## - DEWEY DECIMAL CLASSIFICATION NUMBER
Classification number 784.1
Edition number 1
100 ## - MAIN ENTRY--PERSONAL NAME
Personal name Sharma, Madhu
245 ## - TITLE STATEMENT
Title Music and Communication/
Statement of responsibility, etc Madhu Sharma; Rachna Saini [and] Anil Kumar Yadav
250 ## - EDITION STATEMENT
Edition statement 1
260 ## - PUBLICATION, DISTRIBUTION, ETC. (IMPRINT)
Place of publication, distribution, etc New Delhi
Name of publisher, distributor, etc Atharv Publications
Date of publication, distribution, etc 2026
270 ## - ADDRESS
City New Delhi
Address 110, Ist Floor, Gali No. 4, Harphool Vihar, Bapraula
Postal code 110043
Electronic mail address atharvpublications@gmail.com
300 ## - PHYSICAL DESCRIPTION
Extent 208p.
Dimensions 22cm(hb)
700 ## - ADDED ENTRY--PERSONAL NAME
Personal name Saini, Rachna
Relator term Author
9 (RLIN) 87341
700 ## - ADDED ENTRY--PERSONAL NAME
Personal name Yadav, Anil Kumar
Relator term Author
9 (RLIN) 87342
942 ## - ADDED ENTRY ELEMENTS (KOHA)
Source of classification or shelving scheme Dewey Decimal Classification
Item type English Books
Classification part 784.1
Call number suffix SHA
Holdings
Withdrawn status Lost status Not for loan Collection code Home library Current library Date acquired Source of acquisition Cost, normal purchase price Full call number Barcode Copy number Cost, replacement price Koha item type
      Non-fiction Mobile Library Mobile Library 12/02/2026 Delivery of Books Act Division 695.00 784.1 SHA EN-131351 1 695.00 English Books

© Delhi Public Library
Hit Counter
free hit counter